• 首页
  • 本馆介绍
  • 公告通知
  • 最新文献
  • 馆藏检索
  • 电子资源
  • 读者导购
  • 参考咨询
  • 我的图书馆
  • 登录
  • 详细信息显示
  • 放入我的书架
  • 预约/预借图书
  • 作者相关作品
  • 分类相关作品
  • 丛书相关作品
  • 出版社相关作品

书目信息

  • 表格格式
  • 工作单格式
  • 卡片格式
题名:
展望21世纪的化学
    
 
作者: 王佛松等 主编
分册:  
出版信息: 北京   化学工业出版社  2000
页数: 258
开本: 20cm
丛书名:
单 册:
中图分类: O6-12
科图分类:
主题词: 化学--现状
电子资源:
ISBN: 7-5025-2866-0
000 00539nam0 2200181 450
001 0754114953
005 20070929150154.95
010    @a7-5025-2866-0
100    @a20070929d km y0chiy0120 ea
101 0  @achi
200 1  @a展望21世纪的化学@Azhan wang 21 shi ji de hua xue@f王佛松等 主编@Fwang fo song deng zhu bian
210    @a北京@c化学工业出版社@d2000
215    @a258@c插图@d20cm
606 0  @a化学@x现状
690    @aO6-12@v3
701  0 @a王佛松等@Awang fo song deng@4主编
801  0 @aCN@bPFT@c20070929
905    @a213230@dO6-12@eh44@f1
    
    展望21世纪的化学/王佛松等 主编.-北京:化学工业出版社,2000
    258:插图;20cm
    
    
    ISBN 7-5025-2866-0:
    
●
相关链接 在E读中查询图书 在五车中查询图书 在当当中查询图书 在豆瓣中查询图书


正题名:展望21世纪的化学     索取号:O6-12/h44         预约/预借

序号 登录号 条形码 馆藏地/架位号 状态 备注
1 6001505   260015058   密集书库-化学系/ [索取号:O6-12/h44] 在馆    
唐山师范学院图书馆 欢迎您!
大连网信软件有限公司© 版权所有